| 000 | 00606nam a2200181 i 4500 | ||
|---|---|---|---|
| 001 | 85274 | ||
| 003 | ES-MaACL | ||
| 007 | t| | ||
| 008 | 041126s1983 sp ||||1| spa d | ||
| 100 | 1 |
_aJordan, Edward C. _966907 |
|
| 245 | 1 | 0 |
_aOndas electromagnéticas y sistemas radiantes / _cEdward C. Jordan, Keith G. Balmain ; traducido y revisado por Joaquín Gómez Barquero. |
| 250 | _a3ª ed. | ||
| 260 |
_a[Madrid] : _bParaninfo, _c1983. |
||
| 300 |
_a822 p. : _bil. ; _c22 cm. |
||
| 700 | 1 |
_aBalmain, Keith G. _925093 |
|
| 700 | 1 |
_aGómez Barquero, Joaquín. _957829 |
|
| 852 |
_aES-MaACL _jL-4961 _bR.105067 |
||
| 999 |
_c85274 _d85274 |
||